Strategické řízení v podnicích a projektech

Gespeichert in:
Bibliographische Detailangaben
1. Verfasser: Šulák, Milan
Weitere Verfasser: Vacík, Emil
Format: Buch
Sprache:Tschechisch
Veröffentlicht: Praha Vysoká škola finanční a správní 2005
Schlagworte:
Tags: Tag hinzufügen
Keine Tags, Fügen Sie das erste Tag hinzu!

MARC

LEADER 00000nam$a2200000$$$4500
001 0074721
005 20240226103230.2
020 |a 80-86754-35-9 
041 0 |a cze 
044 |a CZ 
245 1 0 |a Strategické řízení v podnicích a projektech  |c Milan Šulák, Emil Vacík 
264 1 |a Praha  |b Vysoká škola finanční a správní  |c 2005 
300 |a 233 s. 
610 2 0 |a riadenie strategické 
610 2 0 |a riadenie podnikové 
610 2 0 |a manažment strategický 
610 2 0 |a stratégia podniková 
610 2 0 |a ciele podnikové 
610 2 0 |a riadenie procesné 
100 1 |a Šulák, Milan 
700 1 |a Vacík, Emil